000
00265nam a2200097Ia 4500
008
230907s9999||||xx |||||||||||||| ||und||
082
_a
621.3824
_b
KRA
245
0
_a
Antennas and wave propagation /
260
_a
McGraw-Hill Education,
_b
New Delhi :
_c
2016
942
_c
BK
999
_c
598869
_d
598869